000 00725nam a2200205Ia 4500
005 20260121110025.0
008 008 260114s9999 xx 000 0 hin d
020 _a9788132360278
037 _aEBOOK
040 _aCRL
_bhin
_cCRL
041 _ahin
_2hin
084 _qCRL
100 _aसुदामा दूबे / Sudama Dubey
_9941113
245 0 _aफसल नस्ल सुधार और आनुवांशिक अभियंत्रण / Fasal Nasal Sudhaar aur Anuvanshik Abhiyantriki
260 _bभाषा प्रकाशन / Bhasha Prakashan
_c2021
856 _uhttps://bhashaprakashan.com/product-details/382671
942 _cEBOOK
999 _c1532778
_d1532778